Ảnh hưởng của các loại thuốc trừ nấm, vật liệu và nhiệt độ tồn trữ đến chất lượng củ gừng giống (Zingiber officinale Rosc) : Luận văn thạc sĩ khoa học Nông nghiệp. Chuyên ngành Khoa học cây trồng

Nghiên cứu ảnh hưởng của các thuốc trừ nấm và nhiệt độ tồn trữ đến chất lượng củ gừng giống.

Enregistré dans:
Détails bibliographiques
Auteur principal: Trần, Thanh Thoảng
Format: Livre
Langue:Undetermined
Publié: Cần Thơ Trường Đại học Cần Thơ 2012
Sujets:
Tags: Ajouter un tag
Pas de tags, Soyez le premier à ajouter un tag!
Thư viện lưu trữ: Trung tâm Học liệu Trường Đại học Cần Thơ
LEADER 01154nam a2200229Ia 4500
001 CTU_178146
008 210402s9999 xx 000 0 und d
082 |a 635.2 
082 |b Th407 
088 |a 60620110 
100 |a Trần, Thanh Thoảng 
245 0 |a Ảnh hưởng của các loại thuốc trừ nấm, vật liệu và nhiệt độ tồn trữ đến chất lượng củ gừng giống (Zingiber officinale Rosc) : 
245 0 |b Luận văn thạc sĩ khoa học Nông nghiệp. Chuyên ngành Khoa học cây trồng 
245 0 |c Trần Thanh Thoảng ; Nguyễn Thị Xuân Thu, (hướng dẫn Khoa học) 
260 |a Cần Thơ 
260 |b Trường Đại học Cần Thơ 
260 |c 2012 
520 |a Nghiên cứu ảnh hưởng của các thuốc trừ nấm và nhiệt độ tồn trữ đến chất lượng củ gừng giống. 
650 |a Cây rau,Vegetables,Củ gừng,Ginger 
650 |x Sự bảo quản,Preservation 
904 |i Năm 
980 |a Trung tâm Học liệu Trường Đại học Cần Thơ